| 000 | 00345nam a2200133Ia 4500 | ||
|---|---|---|---|
| 008 | 240719s9999 xx 000 0 und d | ||
| 041 | _aeng | ||
| 082 | _a813.54 FLY | ||
| 100 | _aFLYNN, VINCE | ||
| 245 | _aExtreme Measures | ||
| 260 |
_aNew York _bAtria Books _c2008 |
||
| 300 | _a516;. P. 22 Cm | ||
| 520 | _aGifted By : IMT Faculty Dr.Pawan sir | ||
| 999 |
_c41322 _d41322 |
||